Telecommunications and data communications handbook / (Record no. 178731)

000 -LEADER
fixed length control field 01537 a2200277 4500
003 - CONTROL NUMBER IDENTIFIER
control field Nust
005 - DATE AND TIME OF LATEST TRANSACTION
control field 20230901115113.0
010 ## - LIBRARY OF CONGRESS CONTROL NUMBER
LC control number 2006032496
020 ## - INTERNATIONAL STANDARD BOOK NUMBER
Terms of availability 0470041412 (pbk.)
020 ## - INTERNATIONAL STANDARD BOOK NUMBER
Terms of availability 9780470041413 (pbk.)
035 ## - SYSTEM CONTROL NUMBER
System control number (OCoLC)72353657
035 ## - SYSTEM CONTROL NUMBER
System control number (OCoLC)ocm72353657
040 ## - CATALOGING SOURCE
Transcribing agency Nust
082 00 - DEWEY DECIMAL CLASSIFICATION NUMBER
Classification number 621.382,HOR
100 1# - MAIN ENTRY--PERSONAL NAME
Personal name Horak, Ray.
9 (RLIN) 97335
245 10 - TITLE STATEMENT
Title Telecommunications and data communications handbook /
Statement of responsibility, etc. Ray Horak.
260 ## - PUBLICATION, DISTRIBUTION, ETC.
Place of publication, distribution, etc. Hoboken, N.J. :
Name of publisher, distributor, etc. Wiley-Interscience,
Date of publication, distribution, etc. c2007.
300 ## - PHYSICAL DESCRIPTION
Extent xxxviii, 791 p. :
Other physical details ill. ;
Dimensions 26 cm.
505 ## - FORMATTED CONTENTS NOTE
Formatted contents note Fundamentals of Transmission Systems (Page-1), Voice Communications Systems KTS PBX (Page-37), Messaging Systems (Page-154), Public Switched Telephone Network (Page-200), Fundamentals of Data Communications (Page-247), Local Area Networks Connectivity (Page-294), Broadband Network Infrastructure (Page-421), Broadband Network Services (Page-495), Wireless Networking Emphasis (Page-550), Video and Multimedia Networking (Page-600), The Internet and World Wide Web (Page-629), Network Convergence (Page-697), Regulation Issues and Some Answers (Page-715).
650 #0 - SUBJECT ADDED ENTRY--TOPICAL TERM
Topical term or geographic name entry element Digital communications
9 (RLIN) 237
650 #0 - SUBJECT ADDED ENTRY--TOPICAL TERM
Topical term or geographic name entry element Telecommunication
856 41 - ELECTRONIC LOCATION AND ACCESS
Materials specified Contributor biographical information
Uniform Resource Identifier <a href="http://www.loc.gov/catdir/enhancements/fy0741/2006032496-b.html">http://www.loc.gov/catdir/enhancements/fy0741/2006032496-b.html</a>
856 41 - ELECTRONIC LOCATION AND ACCESS
Materials specified Publisher description
Uniform Resource Identifier <a href="http://www.loc.gov/catdir/enhancements/fy0741/2006032496-d.html">http://www.loc.gov/catdir/enhancements/fy0741/2006032496-d.html</a>
856 41 - ELECTRONIC LOCATION AND ACCESS
Materials specified Table of contents only
Uniform Resource Identifier <a href="http://www.loc.gov/catdir/toc/ecip072/2006032496.html">http://www.loc.gov/catdir/toc/ecip072/2006032496.html</a>
942 ## - ADDED ENTRY ELEMENTS (KOHA)
Koha item type Reference
Source of classification or shelving scheme
Holdings
Withdrawn status Lost status Source of classification or shelving scheme Damaged status Not for loan Permanent Location Current Location Shelving location Date acquired Full call number Barcode Date last seen Price effective from Koha item type Public note
          Military College of Signals (MCS) Military College of Signals (MCS) Reference 12/12/2016 621.382,HOR MCS33800 12/08/2016 12/12/2016 Reference Almirah No.21, Shelf No.6
© 2023 Central Library, National University of Sciences and Technology. All Rights Reserved.